Contracorrientes /

I tiakina i:
Ngā taipitopito rārangi puna kōrero
Kaituhi matua: Goytisolo, Juan (autor)
Hōputu: Pukapuka
Reo:Pāniora
I whakaputaina: Barcelona, España : Montesinos, 1993, c1985
Rangatū:(El Sur/Montesinos ; 10)
Ngā marau:
Ngā Tūtohu: Tāpirihia he Tūtohu
Kāore He Tūtohu, Me noho koe te mea tuatahi ki te tūtohu i tēnei pūkete!

MARC

LEADER 00000nam^a2200000^a^4500
001 000117536
005 20260528144039.0
009 20260609160518.686
020 |a 84-7639-015-7 
037 |a Acervo ITESO - Biblioteca 
041 |a ESP 
082 |a 864.  |b GOY 
100 |a Goytisolo, Juan  |e (autor) 
245 1 0 |a Contracorrientes /  |c J. Goytisolo. 
264 4 |a Barcelona, España :  |b Montesinos,  |c 1993, c1985 
300 |a 292 p. 
336 |a texto  |b txt  |2 rdacontenido 
337 |a sin mediación  |b n  |2 rdamedio 
338 |a volumen  |b nc  |2 rdasoporte 
440 4 |a (El Sur/Montesinos ;  |v 10) 
545 0 |a Juan Goytisolo (Barcelona, 1931 – Marrakech, 2017), novelista y crítico español, uno de los más prestigiosos escritores e intelectuales iberoamericanos surgidos en la segunda mitad del siglo XX. Considerado un renovador de la narrativa española contemporánea y un gran conocedor del mundo árabe-musulmán, radicó fuera de su país desde 1956 y se asentó a partir de 1996 en Marrakech. Las novelas Juegos de manos (1954), Duelo en el paraíso (1955), Fiestas (1958), La resaca (1958), La isla (1961), Señas de identidad (1966), Reivindicación del conde don Julián (1970), Juan sin tierra (1975), Makbara (1980), Paisajes después de la batalla (1982), Las virtudes del pájaro solitario (1988), La cuarentena (1991), La saga de los Marx (1993), El sitio de los sitios (1995), Carajicomedia (200O), Telón de boca (2003); el volumen de cuentos Fin de fiesta (1962); los relatos de viajes Campos de Níjar (1959), La Chanca (1962), Aproximaciones a Gaudí en Capadocia (1990), Estambul otomano (1989), Cuaderno de Sarajevo (1993); los ensayos El furgón de cola (1967), Disidencias (1977), Crónicas sarracinas (1982), El bosque de las letras (1995), De la ceca a La Meca: aproximaciones al mundo islámico (1997), Cogitus interruptus (1999), Contra las sagradas formas (2007), Genet en el Raval (2009) y Belleza sin ley (2013); los reportajes Cuadernos de Sarajevo (1994), Argelia en el vendaval (1994) y Paisajes de guerra con Chechenia al fondo (1996); las memorias Coto vedado (1985) y En los reinos de Taifa (1986) o los guiones para la serie televisiva Alquibla (1988), en torno al universo islámico, forman parte de su riquísima trayectoria creativa. Los premios Europalia (1985), Nelly Sachs (1993), Octavio Paz de Literatura (2002), de Literatura Latinoamericana y del Caribe Juan Rulfo (2004), Nacional de las Letras Españolas (2008) y Miguel de Cervantes (2014) reconocieron a uno de los itinerarios intelectuales más rigurosos y creativos de la lengua española. 
586 |a Premio de Literatura Latinoamericana y del Caribe Juan Rulfo 2004 
586 |a Premio Miguel de Cervantes 2014 
649 |a XX 
650 |a Ensayos Españoles 
650 |a Literatura Española -  |y Siglo XX 
650 |a Literatura -  |x Historia y Crítica 
910 |a Fondo General 
920 |a Impresos - Libros 
930 |a Colección General 
940 |a Literatura 
905 |a 101 
901 |a 0500052890  |b IT1  |c LIT  |u 20250521 
902 |a https://opac.biblio.iteso.mx/vufind/Record/000117536